000 01782nam a2200241Ia 4500
999 _c52059
_d52059
001 19065
003 GE_BSU
005 20210421162447.0
008 181216s2013||||ge |||||||||||||| ||geo||
040 _cGE_BSU
041 _ageo
080 _a82 მ-90
100 _aმსახურაძე, ნანა
_911493
245 _aლექსიკურ - სემანტიკური და პრაგმატიკული ტრანსფორმაციები პოლიტიკურ დისკურსში (ინგლისურ, ქართულ და რუსულენოვან მასალაზე დაყრდნობით) /
_cნანა მსახურაძე; სამეცნიერო ხელმძღვანელი ირინე გოშხეთელიანი; ბათუმის შოთა რუსთაველის სახ-ფო უნ-ტი.
264 _aბათუმი,
_c2013.
300 _a246 გვ.;
_b30 სმ.
653 _aდისერტაცია
653 _aლექსიკურ-სემანტიკური და პრაგმატიკული ტრანსფორმაციები პოლიტიკურ დისკურსში (ინგლისურ, ქართულ და რუსულენოვან მასალაზე დაყრდნობით)
653 _aლიტმცოდნეობა
700 _aგოშხეთელიანი, ირინე
_eსამეცნიერო ხელმძღვანელი
_911494
710 _aბათუმის შოთა რუსთაველის სახ-ფო უნ-ტი.
_911495
942 _cBK
_2udc